<?xml version="1.0" encoding="UTF-8"?><?xml-stylesheet type="text/xsl" href="static/style.xsl"?><OAI-PMH xmlns="http://www.openarchives.org/OAI/2.0/" xmlns:xsi="http://www.w3.org/2001/XMLSchema-instance" xsi:schemaLocation="http://www.openarchives.org/OAI/2.0/ http://www.openarchives.org/OAI/2.0/OAI-PMH.xsd"><responseDate>2026-04-17T13:51:40Z</responseDate><request verb="GetRecord" identifier="oai:riubu.ubu.es:10259/6204" metadataPrefix="marc">https://riubu.ubu.es/oai/request</request><GetRecord><record><header><identifier>oai:riubu.ubu.es:10259/6204</identifier><datestamp>2024-06-12T11:48:20Z</datestamp><setSpec>com_10259_4323</setSpec><setSpec>com_10259_5086</setSpec><setSpec>com_10259_2604</setSpec><setSpec>com_10259_6185</setSpec><setSpec>com_10259_3591</setSpec><setSpec>com_10259.4_106</setSpec><setSpec>col_10259_4330</setSpec><setSpec>col_10259_6186</setSpec></header><metadata><record xmlns="http://www.loc.gov/MARC21/slim" xmlns:doc="http://www.lyncode.com/xoai" xmlns:xsi="http://www.w3.org/2001/XMLSchema-instance" xmlns:dcterms="http://purl.org/dc/terms/" xsi:schemaLocation="http://www.loc.gov/MARC21/slim http://www.loc.gov/standards/marcxml/schema/MARC21slim.xsd">
<leader>00925njm 22002777a 4500</leader>
<datafield tag="042" ind1=" " ind2=" ">
<subfield code="a">dc</subfield>
</datafield>
<datafield tag="720" ind1=" " ind2=" ">
<subfield code="a">Gutiérrez Vega, Alberto</subfield>
<subfield code="e">author</subfield>
</datafield>
<datafield tag="720" ind1=" " ind2=" ">
<subfield code="a">Atilhan, Mert</subfield>
<subfield code="e">author</subfield>
</datafield>
<datafield tag="720" ind1=" " ind2=" ">
<subfield code="a">Aparicio Martínez, Santiago</subfield>
<subfield code="e">author</subfield>
</datafield>
<datafield tag="260" ind1=" " ind2=" ">
<subfield code="c">2021-10</subfield>
</datafield>
<datafield tag="520" ind1=" " ind2=" ">
<subfield code="a">The nanoscopic properties of highly diluted water solutions in choline chloride + lactic acid deep eutectic solvent was studied using molecular dynamics simulations as a function of concentration and temperature with the objective of characterize the confinement of water in deep eutectic solvents as a non-regular confinement mechanism. The simulations allowed the analysis of changes in the properties of the deep eutectic solvent in response to the water presence as well as the behaviour of confined water in solvent cavities. The analysis of structural, energetic and dynamic factors provides for the first time the characterization of water confined in these environmentally friendly solvents. The results showed how water can be confined in deep eutectic solvents liquid cages maintaining water individuality with minor changes in the solvent properties, which can be used for tuning water properties for the development of technological applications.</subfield>
</datafield>
<datafield tag="024" ind2=" " ind1="8">
<subfield code="a">0167-7322</subfield>
</datafield>
<datafield tag="024" ind2=" " ind1="8">
<subfield code="a">http://hdl.handle.net/10259/6204</subfield>
</datafield>
<datafield tag="024" ind2=" " ind1="8">
<subfield code="a">10.1016/j.molliq.2021.116758</subfield>
</datafield>
<datafield ind1=" " ind2=" " tag="653">
<subfield code="a">Water</subfield>
</datafield>
<datafield ind1=" " ind2=" " tag="653">
<subfield code="a">Liquid state confinement</subfield>
</datafield>
<datafield ind1=" " ind2=" " tag="653">
<subfield code="a">Deep eutectic solvents</subfield>
</datafield>
<datafield ind1=" " ind2=" " tag="653">
<subfield code="a">Molecular dynamics</subfield>
</datafield>
<datafield ind1=" " ind2=" " tag="653">
<subfield code="a">Hydrogen bonding</subfield>
</datafield>
<datafield tag="245" ind1="0" ind2="0">
<subfield code="a">Molecular dynamics study on water confinement in deep eutectic solvents</subfield>
</datafield>
</record></metadata></record></GetRecord></OAI-PMH>